The Mahabharata: (Record no. 178484)

MARC details
000 -LEADER
fixed length control field 00593nam a22001817a 4500
005 - DATE AND TIME OF LATEST TRANSACTION
control field 20210401105835.0
010 ## - LCCN (DPL NO)
LC control number B-738681
035 ## - SYSTEM CONTROL NUMBER
System control number B-738681
037 ## - SOURCE OF ACQUISITION
Source of stock number/acquisition Gift
082 ## - DEWEY DECIMAL CLASSIFICATION NUMBER
Classification number 230.1
100 ## - MAIN ENTRY--PERSONAL NAME
Personal name Menon, Ramesh
245 ## - TITLE STATEMENT
Title The Mahabharata:
Remainder of title A modern rendering vol. II /
Statement of responsibility, etc by Ramesh Menon
260 ## - PUBLICATION, DISTRIBUTION, ETC. (IMPRINT)
Place of publication, distribution, etc New Delhi
Name of publisher, distributor, etc Rupa
Date of publication, distribution, etc 2004
270 ## - ADDRESS
Address 7/16, Ansari Road, Daryaganj
City New Delhi
Postal code 110002
300 ## - PHYSICAL DESCRIPTION
Extent ix, 718p.
Dimensions 23cm(Hb)
942 ## - ADDED ENTRY ELEMENTS (KOHA)
Source of classification or shelving scheme Dewey Decimal Classification
Item type English Books
Classification part 230.1
Call number suffix MEN
Holdings
Withdrawn status Lost status Materials specified (bound volume or other part) Not for loan Collection code Home library Current library Date acquired Source of acquisition Full call number Barcode Copy number Koha item type
    vol. II   Non-fiction Central Library Central Library 01/04/2021 Gift/Eng/26-02-2021 230.1 MEN B-738681 1 English Books

© Delhi Public Library
Hit Counter
free hit counter